000 01102pam a2200361 ia4500
001 vtls000889840
003 PNM
005 20210323102742.0
008 191106s2020 my a j 000 1 may
015 _aM20-03143
020 _a9789670975870
_qset
020 _a9789670975924
_cRM17.37
_qpaperback
039 9 _a202008151935
_bsiti
_c202005201517
_dhema
_c201911091615
_damy_z
040 _aBNM
_beng
_cBNM
_erda
_dPPAK
049 _amal
082 0 4 _223
_a899.2333
090 0 0 _a899.2333
_bAIN
_dK
100 0 _aAinun Marziah Isa,
_d1970-
_eauthor.
245 1 0 _aSi Bongkok Dengan Geliga Naga /
_cAinun Marziah Isa
264 1 _aKuching, Sarawak :
_bAnugerah Publications,
_c[2020?]
300 _a30 pages :
_bcolour illustrations ;
_c22 cm.
336 _atext
_2rdacontent
337 _aunmediated
_2rdamedia
338 _avolume
_2rdacarrier
490 1 _aIktibar Zaman Silam
650 1 0 _aChildren's stories, Malay
650 2 0 _aMalay fiction
650 2 4 _aDidactic fiction, Malay
830 0 _aIktibar zaman silam
942 _2ddc
_cB
949 _62000723122
949 _62000723121
999 _c182853
_d182853